|
|
|
|
| LEADER |
00000nam0a2200000 4500 |
| 001 |
99237 |
| 005 |
20231031111622.0 |
| 010 |
|
|
|a 5335003502
|
| 020 |
|
|
|a RU
|b 89-15064
|
| 035 |
|
|
|a (RuTPU)RU\TPU\book\106463
|
| 090 |
|
|
|a 99237
|
| 100 |
|
|
|a 20060629d1990 m y0rusy5003 ca
|
| 101 |
0 |
|
|a rus
|
| 102 |
|
|
|a UA
|
| 105 |
|
|
|a y z 000zy
|
| 200 |
1 |
|
|a Консервы домашнего приготовления
|f П. И. Петренко
|
| 205 |
|
|
|a 3-е изд.
|
| 210 |
|
|
|a Киев
|c Тэхника
|d 1990
|
| 215 |
|
|
|a 207,[1] с.
|
| 318 |
|
|
|5 63413507
|a Любовь и верность навсегда. Мир любви, мир семье
|b выставка
|
| 330 |
|
|
|a Описаны способы консервирования многих видов плодоовощного сырья в домашних условиях. Приведена рецептура различных консервов. Значительная часть рецептов является оригинальной и приводится впервые. Рассчитано на широкий круг читателей.
|
| 610 |
1 |
|
|a консервирование
|
| 610 |
1 |
|
|a домоводство
|
| 610 |
1 |
|
|a кулинария
|
| 610 |
1 |
|
|a кулинарные рецепты
|
| 675 |
|
|
|a 641.4
|z rus
|
| 700 |
|
1 |
|a Петренко
|b П. И.
|g Павел Иванович
|4 070
|
| 801 |
|
0 |
|a RU
|b RuMRKP
|c 19950417
|g psbo
|
| 801 |
|
1 |
|a RU
|b 63413507
|c 20060629
|g PSBO
|
| 801 |
|
2 |
|a RU
|b 63413507
|c 20110706
|g PSBO
|
| 942 |
|
|
|c BK
|